Jeux de mots géographique #Asiatique - Statistiques

Statistiques générales
  • Ce quiz a été pris 85 fois
  • Le résultat moyen est 7 sur 20
Statistiques - réponses
Indice Phrase Réponse Terme géographique % Correct
Chiffre Un, Deux, , Quatre Troie Ville de Turquie
84%
Facebook Joue a _ _ _ _ _ Crush Kandy Ville du Sri Lanka
79%
Animal Guépard, Jaguar ou Léopard sont proches Tigre Fleuve
66%
High-Tech Ton portable est un _ _ _ _ _ _g Samsun Ville bordant la Mer Noire
56%
Love Deux amis qui veulent un peu plus Amour Fleuve
53%
Visage J'ai mal a ma _ _ _ _ _acte Qatar Pays d'Asie
53%
Tennis Ancienne n°1 mondiale prénommé Simona Alep Ville de Syrie
44%
Horloge Il se marie très bien avec le tic Tak Ville de Thailande
43%
Été Tu as bronzé, t'as le _ _ _ _ _ Népal Pays d'Asie
38%
Moto Abrégé du prénom de Rossi Valé Ville de Géorgie
29%
Bijouterie Les diamants et les bagues en contiennent Ankara Capitale d'Asie
26%
Top10 en pop Est ce que tu trouve qu _ _ _ _ bien Iran Pays
26%
Interrogation Dis moi _ _ _ _ _' Extrême Orient Séoul Capitale
26%
Salutation Dire bonjour amicalement en anglais Yemen Pays d'Asie
25%
Télévision Préviens moi _ _ _ _ _ _ Kardashian vient Sikkim État de l'Inde
19%
Commerce Synonyme de petit prix Bakou Capitale
18%
IL A OSÉ Oh le batard Oulan-Bator Capitale
13%
Sport On l'utilise en biathlon ou au paintball Tyr Ville du Moyen Orient
10%
Guerre Si vous ne _ _ _ _ _ _ _ _ _ pas, je le fais Lattaquié Ville de Syrie
6%
Karaté Le sportif crie juste avant de faire le geste Oita Ville du Japon
1%
Aucun quiz correspondant
Distribution des résultats
% des personnes avec chaque résultat
Percentile par nombre de réponses
Votre historique - résultats
Vous n’avez pas pris ce quiz